000 00834nam a22002657a 4500
001 BR7375519
003 BR-BrBNA
005 20230928084426.0
007 ta
008 230509b bl.||||| |||| 00| 0 por d
040 _aBR-BrBNA
_bpor
_cBiblioteca Nacional de Agricultura
041 _a(Por)
072 _aE70
090 _ E70 BR7375519
100 1 _aJunqueira, P. de C.
110 1 _aInstituto de Economia Agricola, Sao Paulo, SP (Brasil)
_96029
245 1 _aComercializacao de produtos agropecuarios no mercado interno: um enfoque de custos
260 3 _aSao Paulo, SP (Brasil):
_c1973.
300 _a16 p.
500 _a(*) Documento disponível no(a) Instituto de Economia Agricola, Sao Paulo, SP (Brazil)
650 _aCOMERCIO INTERNO
650 _aCUSTO
909 _a202309
_bLucia
_c55
_dLucia Elande
942 _cBK
999 _c18879
_d18879